000 00557nam a2200229Ia 4500
003 OSt
005 20220924152723.0
006 a|||||r|||| 00| 0
007 ta
008 220923b |||||||| |||| 00| 0 ara d
024 _a344134
037 _cTextual
040 _aARTS
_cARTS
_bara
041 _2ara
_aara
082 _aR, 28N6
100 _aBawaradi Saad Au.
_9227312
245 0 _aFalsafa al-mujaneen
260 _c1996
650 _aPHILOSOPHY
942 _hR, 28N6
_cTEXL
_2CC
999 _c470792
_d470792